| 000 | 01102cam a2200361M 4500 | ||
|---|---|---|---|
| 001 | 85952 | ||
| 005 | 20230410105613.0 | ||
| 008 | 090303s2010 sp a 000 0 spa d | ||
| 035 | _a(OCoLC)ocn434454950 | ||
| 040 |
_aBNM _bspa _cBNM _dOCLCQ |
||
| 015 | _aMON0907 | ||
| 017 | _aB 46332-2008 | ||
| 020 | _a9788461268160 | ||
| 020 | _a8461268164 | ||
| 035 | _a(OCoLC)434454950 | ||
| 050 | 1 | 4 |
_aHD 30.3 _bC837d 2010 |
| 100 | 1 | _aCosta, Joan | |
| 245 | 1 | 3 |
_aEl DirCom hoy : _bdirección y gestión de la comunicación en la nueva economía / _c[texto, Joan Costa]. |
| 250 | _a2a ed. | ||
| 260 |
_aTiana, Barcelona : _bCosta Punto Com, _c2010. |
||
| 300 |
_a179 p. _bil. _c24 cm. |
||
| 440 | 0 |
_aColección Joan Costa ; _v4 |
|
| 650 | 7 | _aComunicacion empresarial. | |
| 650 | 0 | _aCommunication in management. | |
| 650 | 0 | _aCommunication in organizations. | |
| 650 | 0 | _aBusiness communication. | |
| 650 | 4 | _aComunicacion en administración. | |
| 650 | 4 | _aComunicacion organizacional. | |
| 650 | 4 | _aComunicacion en los negocios. | |
| 942 |
_2lcc _cbk |
||
| 946 | _aaa | ||
| 994 |
_aC0 _bDRFGD |
||
| 999 |
_c40129 _d40129 |
||